000 00790nam a22002657a 4500
001 7234
003 FISKH
005 20250703105207.0
008 250703b cb ||||| |||| 00| 0 eng d
040 _aFISKH
_beng
_cFISKH
_dFISKH
050 _aPZ7.G1277 P
082 _a407
100 _aGaines, Isabel
245 _aPooh's leaf pile /
_cIsabel Gaines ; Illustrated by Studio Orlando
260 _aNew York :
_bScholastic,
_c1999.
300 _a37 pages :
_bcolor illustrations ;
_c23 cm
490 _aWinnie the Pooh First Reader
505 _aJ
520 _aWinnie-the-Pooh and his friends discover the fun of autumn leaves.
521 8 _a480
_bLexile
521 8 _aJ
_bRaz-Plus
650 _aAutumn
_vEasy reader
_xDisney
942 _2ddc
_cBK
_n0
999 _c7234
_d7234